000 00291nam a22001337a 4500
008 190205b xxu||||| |||| 00| 0 eng d
020 _a007034583
041 _aeng
080 _23rd
_a330
100 _a52
101 _aEKO
245 _aEconomic Development
_cHerrick, K
942 _2udc
_cBK
999 _c54029
_d54029